[Event "EU-ch Blitz"]
[Site "Katowice"]
[Date "2022.12.16"]
[Round "11"]
[White "Klenburg, Mikhail"]
[Black "Kokol, Peter"]
[Result "1-0"]
[WhiteElo "2347"]
[BlackElo "2347"]
[PlyCount "58"]
[EventDate "2022.12.16"]
[EventType "swiss (blitz)"]
[EventRounds "22"]
[EventCountry "POL"]
[SourceTitle "CBM 211 Extra"]
[Source "ChessBase"]
[SourceDate "2023.01.31"]
[SourceVersion "1"]
[SourceVersionDate "2023.01.31"]
[SourceQuality "1"]

1. g3 Nf6 2. Bg2 d5 3. d3 g6 4. Nf3 Bg7 5. 0-0 0-0 6. Nbd2 b6 7. e4 dxe4 8. dxe4 Bb7 9. e5 Ng4 10. e6 fxe6 11. h3 Nh6 12. Qe2 e5 13. Rd1 Nd7 14. Ne4 e6 15. Nfg5 Qe7 16. Qc4 Bd5 17. Qe2 Nc5 18. Nxc5 Qxc5 19. Bxd5 exd5 20. Ne6 Qd6 21. Nxf8 Rxf8 22. c3 Nf5 23. Bd2 e4 24. Bf4 Qd7 25. Qxe4 c6 26. Qd3 h5 27. Re1 h4 28. Re2 hxg3 29. fxg3 c5 1-0

[Event "EU-ch Blitz"]
[Site "Katowice"]
[Date "2022.12.16"]
[Round "12"]
[White "Kokol, Peter"]
[Black "Klenburg, Mikhail"]
[Result "1/2-1/2"]
[WhiteElo "2347"]
[BlackElo "2347"]
[PlyCount "85"]
[EventDate "2022.12.16"]
[EventType "swiss (blitz)"]
[EventRounds "22"]
[EventCountry "POL"]
[SourceTitle "CBM 211 Extra"]
[Source "ChessBase"]
[SourceDate "2023.01.31"]
[SourceVersion "1"]
[SourceVersionDate "2023.01.31"]
[SourceQuality "1"]

1. e4 d6 2. d4 Nf6 3. Nc3 g6 4. Be3 c6 5. h3 Qa5 6. Bd3 Nbd7 7. Nge2 Bg7 8. 0-0 0-0 9. Qd2 Re8 10. f4 e5 11. fxe5 dxe5 12. d5 Nc5 13. dxc6 bxc6 14. b4 Qxb4 15. Rxf6 Nxd3 16. Rxc6 Nf4 17. Rb1 Qa5 18. Rc5 Nxe2+ 19. Qxe2 Qd8 20. Rd1 Qh4 21. Nd5 Rf8 22. Qf3 Be6 23. Rc7 Bxd5 24. Rxd5 Rac8 25. Rdd7 Rxc7 26. Rxc7 a5 27. Bc5 Qd8 28. Ra7 Qb8 29. Rd7 Qb5 30. Bxf8 Qxd7 31. Bxg7 Kxg7 32. Qd3 Qc6 33. Kh2 h5 34. c4 a4 35. Qd5 Qf6 36. c5 h4 37. c6 a3 38. Kg1 Qf4 39. Qd7 Qe3+ 40. Kh2 Qf4+ 41. Kg1 Qc1+ 42. Kh2 Qf4+ 43. Kg1 1/2-1/2

[Event "Vienna GM"]
[Site "Vienna"]
[Date "2021.07.26"]
[Round "8"]
[White "Diermair, Andreas"]
[Black "Kokol, Peter"]
[Result "1-0"]
[WhiteElo "2455"]
[BlackElo "2327"]
[PlyCount "85"]
[EventDate "2021.07.19"]
[EventType "tourn"]
[EventRounds "9"]
[EventCountry "AUT"]
[EventCategory "9"]
[SourceTitle "CBM 203 Extra"]
[Source "ChessBase"]
[SourceDate "2021.09.30"]
[SourceVersion "1"]
[SourceVersionDate "2021.09.30"]
[SourceQuality "1"]

1. d4 Nf6 2. Nf3 g6 3. g3 Bg7 4. Bg2 0-0 5. 0-0 d5 6. c4 dxc4 7. Na3 Nc6 8. Nxc4 Be6 9. b3 Bd5 10. Bb2 a5 11. Ne3 Be4 12. a3 Qc8 13. Nc4 Rd8 14. e3 h6 15. Rc1 Bd5 16. Qe2 Qe6 17. Rfd1 Ne4 18. Re1 f5 19. Rc2 g5 20. Nfd2 g4 21. Nxe4 fxe4 22. Nd2 Rf8 23. Rc5 Rf3 24. Qd1 b6 25. Rxd5 Qxd5 26. Qc2 e5 27. Nxf3 gxf3 28. Bf1 b5 29. Rc1 Nxd4 30. exd4 exd4 31. Qxc7 e3 32. Bd3 Qxb3 33. Qb7 exf2+ 34. Kxf2 Re8 35. Qxb5 Re2+ 36. Bxe2 Qe3+ 37. Kf1 fxe2+ 38. Qxe2 Qxe2+ 39. Kxe2 d3+ 40. Kxd3 Bxb2 41. Rc8+ Kg7 42. a4 Ba3 43. Rc6 1-0

[Event "Vienna GM"]
[Site "Vienna"]
[Date "2021.07.21"]
[Round "3"]
[White "Kokol, Peter"]
[Black "Maksimovic, Bojan"]
[Result "0-1"]
[WhiteElo "2327"]
[BlackElo "2418"]
[PlyCount "64"]
[EventDate "2021.07.19"]
[EventType "tourn"]
[EventRounds "9"]
[EventCountry "AUT"]
[EventCategory "9"]
[SourceTitle "CBM 203 Extra"]
[Source "ChessBase"]
[SourceDate "2021.09.30"]
[SourceVersion "1"]
[SourceVersionDate "2021.09.30"]
[SourceQuality "1"]

1. e4 c5 2. Nf3 Nc6 3. d4 cxd4 4. Nxd4 Nf6 5. Nc3 e5 6. Ndb5 d6 7. Bg5 a6 8. Na3 b5 9. Bxf6 gxf6 10. Nd5 f5 11. Bd3 Be6 12. 0-0 Bxd5 13. exd5 Ne7 14. c3 e4 15. Bc2 Bg7 16. Qh5 0-0 17. Rae1 Qc8 18. Kh1 b4 19. cxb4 Bxb2 20. Re3 Bg7 21. Bb3 a5 22. Rd1 a4 23. Bc4 Rb8 24. Bb5 Ng6 25. Bxa4 Rxb4 26. Bc6 f4 27. Rh3 h6 28. Nb5 f3 29. Nxd6 Qd8 30. Nxf7 fxg2+ 31. Kg1 Qf6 32. Be8 Nf4 0-1

[Event "Titled Tuesday intern op 5th May"]
[Site "Chess.com INT"]
[Date "2020.05.05"]
[Round "4"]
[White "Yuan, Qingyu"]
[Black "Kokol, Peter"]
[Result "1-0"]
[WhiteElo "2373"]
[BlackElo "2327"]
[PlyCount "41"]
[EventDate "2020.05.05"]
[EventType "swiss (blitz)"]
[EventRounds "10"]
[EventCountry "USA"]
[SourceTitle "EXT 2021"]
[Source "ChessBase"]
[SourceDate "2020.10.23"]
[SourceVersion "1"]
[SourceVersionDate "2020.10.23"]
[SourceQuality "1"]

1. Nf3 Nf6 2. c4 g6 3. Nc3 Bg7 4. e4 d6 5. d4 0-0 6. Be2 c5 7. d5 e6 8. 0-0 exd5 9. exd5 Bg4 10. Qb3 b6 11. Bf4 Nh5 12. Bg5 f6 13. Be3 f5 14. Ng5 Bxe2 15. Nxe2 f4 16. Ne6 Qh4 17. Nxf8 fxe3 18. Ne6 Be5 19. f4 Qg4 20. fxe5 Qxe2 21. Rf8# 1-0

[Event "Titled Tuesday intern op 14th April"]
[Site "Chess.com INT"]
[Date "2020.04.14"]
[Round "7"]
[White "Kokol, Peter"]
[Black "Riazantsev, Alexander"]
[Result "0-1"]
[WhiteElo "2327"]
[BlackElo "2638"]
[PlyCount "96"]
[EventDate "2020.04.14"]
[EventType "swiss (blitz)"]
[EventRounds "10"]
[EventCountry "USA"]
[SourceTitle "EXT 2021"]
[Source "ChessBase"]
[SourceDate "2020.10.23"]
[SourceVersion "1"]
[SourceVersionDate "2020.10.23"]
[SourceQuality "1"]

1. e4 e6 2. d4 d5 3. Nc3 Nc6 4. Bb5 Nf6 5. Bxc6+ bxc6 6. e5 Nd7 7. Nce2 c5 8. c3 cxd4 9. cxd4 c5 10. Nf3 Ba6 11. 0-0 Be7 12. Re1 0-0 13. Be3 Rb8 14. b3 c4 15. bxc4 Bxc4 16. Nf4 Rb2 17. Nd2 Bb4 18. Nxc4 dxc4 19. Re2 Rxe2 20. Nxe2 Nb6 21. Qc2 Qd5 22. a3 Be7 23. Nc3 Qc6 24. a4 Rc8 25. Nb5 Qd7 26. Rb1 Nd5 27. a5 a6 28. Nc3 h6 29. Na4 Qc6 30. Nb6 Rb8 31. Nxd5 Rxb1+ 32. Qxb1 exd5 33. Qb6 Qc8 34. Bc1 c3 35. Kf1 Qc4+ 36. Ke1 Bb4 37. Qd8+ Kh7 38. f4 c2+ 39. Kf2 Qxd4+ 40. Kf3 Bd2 41. Qd7 Qd3+ 42. Kg4 Bxc1 43. Qxf7 Ba3 44. f5 Qe4+ 45. Kg3 Qxe5+ 46. Kg4 c1Q 47. Qg6+ Kg8 48. Qe8+ Qxe8 0-1

[Event "Titled Tuesday intern op 7th April"]
[Site "Chess.com INT"]
[Date "2020.04.07"]
[Round "2"]
[White "Rengifo Blancas, Renzo Jhonathan"]
[Black "Kokol, Peter"]
[Result "0-1"]
[WhiteElo "2131"]
[BlackElo "2327"]
[PlyCount "70"]
[EventDate "2020.04.07"]
[EventType "swiss (blitz)"]
[EventRounds "10"]
[EventCountry "USA"]
[SourceTitle "EXT 2021"]
[Source "ChessBase"]
[SourceDate "2020.10.23"]
[SourceVersion "1"]
[SourceVersionDate "2020.10.23"]
[SourceQuality "1"]

1. e4 c5 2. c3 Nf6 3. e5 Nd5 4. d4 cxd4 5. Nf3 d6 6. cxd4 Nc6 7. Bc4 e6 8. 0-0 Be7 9. Qe2 0-0 10. Nc3 Nxc3 11. bxc3 dxe5 12. dxe5 Qa5 13. Bd2 Rd8 14. Rfe1 Bd7 15. Qe4 Qa4 16. Bg5 h6 17. Bxe7 Nxe7 18. Bd3 Qxe4 19. Bxe4 Bc6 20. Rab1 Rd7 21. Nd4 Bxe4 22. Rxe4 Rc8 23. Nb5 a6 24. Nd6 Rxc3 25. h3 b5 26. a4 bxa4 27. Rxa4 Ng6 28. Rb8+ Kh7 29. f4 f6 30. Ra5 fxe5 31. fxe5 Nxe5 32. Ne4 Rc1+ 33. Kh2 Nc6 34. Rc5 Rxc5 35. Nxc5 Nxb8 0-1

[Event "Maribor Pirc Memorial op 20th"]
[Site "Maribor"]
[Date "2017.06.27"]
[Round "4"]
[White "Kokol, Peter"]
[Black "Skuhala, Luka"]
[Result "1/2-1/2"]
[WhiteElo "2338"]
[BlackElo "2118"]
[PlyCount "80"]
[EventDate "2017.06.24"]
[EventType "swiss"]
[EventRounds "9"]
[EventCountry "SLO"]
[SourceTitle "CBM 179 Extra"]
[Source "ChessBase"]
[SourceDate "2017.08.23"]
[SourceVersion "1"]
[SourceVersionDate "2017.08.23"]
[SourceQuality "1"]

1. Nf3 Nf6 2. g3 e6 3. Bg2 d5 4. 0-0 Be7 5. b3 0-0 6. Bb2 c5 7. d3 Nc6 8. Nbd2 Qc7 9. c4 Rd8 10. cxd5 Nxd5 11. Rc1 e5 12. Ne4 b6 13. a3 a5 14. Qc2 f5 15. Neg5 h6 16. e4 fxe4 17. dxe4 Bxg5 18. Nxg5 Nf6 19. Qc4+ Kf8 20. Ne6+ Bxe6 21. Qxe6 Nd4 22. Bxd4 Rxd4 23. f4 Re8 24. Qf5 Kg8 25. Rfd1 Qd6 26. Bf3 exf4 27. Qxf4 Qxf4 28. gxf4 Rxd1+ 29. Rxd1 Nxe4 30. Rd7 Nf6 31. Rd6 Re3 32. Bd1 b5 33. Rd8+ Re8 34. Rd6 c4 35. bxc4 bxc4 36. Kg2 Rc8 37. Kf3 Kf7 38. f5 Rc5 39. Bc2 Ke7 40. Ra6 Rd5 1/2-1/2

[Event "Maribor Pirc Memorial op 20th"]
[Site "Maribor"]
[Date "2017.06.24"]
[Round "1"]
[White "Mohr, Pablo"]
[Black "Kokol, Peter"]
[Result "0-1"]
[WhiteElo "1870"]
[BlackElo "2338"]
[PlyCount "72"]
[EventDate "2017.06.24"]
[EventType "swiss"]
[EventRounds "9"]
[EventCountry "SLO"]
[SourceTitle "CBM 179 Extra"]
[Source "ChessBase"]
[SourceDate "2017.08.23"]
[SourceVersion "1"]
[SourceVersionDate "2017.08.23"]
[SourceQuality "1"]

1. e4 c5 2. Nc3 Nc6 3. g3 g6 4. Bg2 Bg7 5. d3 e6 6. Be3 d6 7. Qd2 h6 8. f4 Nge7 9. Nf3 Nd4 10. Nd1 Rb8 11. Nh4 b5 12. c3 Ndc6 13. 0-0 Qc7 14. g4 h5 15. f5 hxg4 16. fxg6 Rxh4 17. Rxf7 Be5 18. Qf2 Bxh2+ 19. Kf1 Rh8 20. g7 Rg8 21. Rf8+ Kd7 22. Qf7 Ba6 23. d4 cxd4 24. cxd4 Nxd4 25. Rc1 Nc2 26. Bg5 Qc4+ 27. Kf2 Qd4+ 28. Be3 Rbxf8 29. gxf8N+ Rxf8 30. Qxf8 Nxe3 31. Rc7+ Kxc7 32. Qxe7+ Kc6 33. Qe8+ Kc5 34. b4+ Kxb4 35. Nxe3 Qd2+ 36. Kf1 Bg3 0-1

[Event "Bled op"]
[Site "Bled"]
[Date "2017.03.12"]
[Round "5"]
[White "Kokol, Peter"]
[Black "Kersic, Matej"]
[Result "1/2-1/2"]
[WhiteElo "2335"]
[BlackElo "2167"]
[PlyCount "94"]
[EventDate "2017.03.10"]
[EventType "swiss"]
[EventRounds "5"]
[EventCountry "SLO"]
[SourceTitle "EXT 2019"]
[Source "ChessBase"]
[SourceDate "2018.10.10"]
[SourceVersion "1"]
[SourceVersionDate "2018.10.10"]
[SourceQuality "1"]

1. e4 c5 2. Nf3 d6 3. d4 cxd4 4. Nxd4 Nf6 5. Nc3 a6 6. Be3 e6 7. g4 Nc6 8. g5 Nd7 9. Be2 Be7 10. h4 0-0 11. Qd2 Nxd4 12. Qxd4 b5 13. 0-0-0 Qa5 14. h5 Bb7 15. h6 e5 16. Qd2 g6 17. Bg4 Nb6 18. Bxb6 Qxb6 19. f4 b4 20. Nd5 Bxd5 21. exd5 f5 22. gxf6 Bxf6 23. Be6+ Kh8 24. f5 gxf5 25. Bxf5 Qd4 26. Qxd4 exd4 27. Rdf1 Bg5+ 28. Kd1 a5 29. Rh5 Be3 30. Ke2 Rf6 31. Kd3 Raf8 32. Kc4 Rxh6 33. Rxh6 Bxh6 34. Kb5 Bd2 35. b3 h5 36. Kxa5 h4 37. Kb5 h3 38. Bxh3 Rxf1 39. Bxf1 Kg7 40. Kc6 Bf4 41. Kb5 Bd2 42. Ka4 Kf7 43. a3 bxa3 44. Kxa3 Ke7 45. Ka4 Kd7 46. Kb5 Kc7 47. Kc4 Bc3 1/2-1/2

[Event "Bled op"]
[Site "Bled"]
[Date "2017.03.10"]
[Round "1"]
[White "Kokol, Peter"]
[Black "Florjancic, Rudolf"]
[Result "1-0"]
[WhiteElo "2335"]
[BlackElo "1817"]
[PlyCount "53"]
[EventDate "2017.03.10"]
[EventType "swiss"]
[EventRounds "5"]
[EventCountry "SLO"]
[SourceTitle "EXT 2019"]
[Source "ChessBase"]
[SourceDate "2018.10.10"]
[SourceVersion "1"]
[SourceVersionDate "2018.10.10"]
[SourceQuality "1"]

1. e4 e5 2. Nc3 Nc6 3. Bc4 Nf6 4. d3 Be7 5. f4 d6 6. Nf3 a6 7. a4 Be6 8. f5 Bxc4 9. dxc4 g6 10. 0-0 gxf5 11. exf5 h6 12. Nd5 Qd7 13. b4 Nxd5 14. cxd5 Nd8 15. Nd2 Bg5 16. Ne4 Qe7 17. Qh5 Rg8 18. Bxg5 Rxg5 19. Qxh6 Rxf5 20. Rxf5 Kd7 21. Qh3 Ne6 22. dxe6+ fxe6 23. Nf6+ Kc6 24. Qc3+ Kb6 25. Qe3+ c5 26. bxc5+ dxc5 27. Rxe5 1-0

[Event "Graz op-A"]
[Site "Graz"]
[Date "2017.02.22"]
[Round "3"]
[White "Kokol, Peter"]
[Black "Hill, Alistair"]
[Result "1-0"]
[WhiteElo "2351"]
[BlackElo "2200"]
[PlyCount "67"]
[EventDate "2017.02.20"]
[EventType "swiss"]
[EventRounds "9"]
[EventCountry "AUT"]
[SourceTitle "CBM 177 Extra"]
[Source "ChessBase"]
[SourceDate "2017.04.27"]
[SourceVersion "1"]
[SourceVersionDate "2017.04.27"]
[SourceQuality "1"]

1. e4 e6 2. d4 d5 3. Nc3 Nf6 4. Bg5 dxe4 5. Nxe4 Be7 6. Bxf6 gxf6 7. Nf3 f5 8. Nc3 a6 9. Qd3 b5 10. 0-0-0 Bb7 11. Kb1 c5 12. Be2 Nc6 13. d5 Nb4 14. Qe3 Nxd5 15. Nxd5 Bxd5 16. c4 Be4+ 17. Ka1 Qb6 18. Ne5 Bd6 19. Nxf7 Kxf7 20. Bh5+ Ke7 21. Qg5+ Kd7 22. Qg7+ Kc6 23. Rxd6+ Kxd6 24. Rd1+ Bd5 25. cxd5 e5 26. Qf6+ Kc7 27. d6+ Kb7 28. Qg7+ Kc6 29. Qxe5 Raf8 30. Bf3+ Kd7 31. Qe7+ Kc8 32. d7+ Kb8 33. Rd6 Qd8 34. Qe5 1-0

[Event "SLO-chT"]
[Site "Slovenia"]
[Date "2016.11.13"]
[Round "6.3"]
[White "Kokol, Peter"]
[Black "Muha, Miljenko"]
[Result "1-0"]
[WhiteElo "2324"]
[BlackElo "2239"]
[PlyCount "91"]
[EventDate "2016.10.14"]
[EventType "team-tourn"]
[EventRounds "9"]
[EventCountry "SLO"]
[SourceTitle "CBM 175 Extra"]
[Source "ChessBase"]
[SourceDate "2016.12.12"]
[SourceVersion "1"]
[SourceVersionDate "2016.12.12"]
[SourceQuality "1"]
[WhiteTeam "Maribor ZSK"]
[BlackTeam "Krsko Triglav"]
[WhiteTeamCountry "SLO"]
[BlackTeamCountry "SLO"]

1. Nf3 Nf6 2. g3 g6 3. Bg2 Bg7 4. 0-0 0-0 5. d3 d5 6. d4 b6 7. c4 Bb7 8. Ne5 Qc8 9. cxd5 Bxd5 10. Bxd5 Nxd5 11. e4 Nf6 12. Nc3 Qb7 13. Qe2 Rd8 14. Qc4 e6 15. Bg5 h6 16. Bxf6 Bxf6 17. f4 c6 18. f5 b5 19. Qb3 Qb6 20. Nxf7 Qxd4+ 21. Kh1 Kxf7 22. Qxe6+ Kg7 23. Rad1 Qc4 24. e5 Qxe6 25. fxe6 Bg5 26. Rf7+ Kg8 27. Rxd8+ Bxd8 28. Ne4 Na6 29. Nf6+ Bxf6 30. exf6 Re8 31. Rg7+ Kh8 32. Rxg6 Rxe6 33. f7 Rxg6 34. f8Q+ Kh7 35. Qf7+ Rg7 36. Qf5+ Rg6 37. h4 Kg7 38. Qd7+ Kf6 39. Qc8 Rxg3 40. Qxc6+ Kf5 41. Qxb5+ Kg4 42. Qxa6 h5 43. Qxa7 Kxh4 44. Qf2 Kh3 45. Qxg3+ Kxg3 46. a4 1-0

[Event "SLO-chT"]
[Site "Slovenia"]
[Date "2016.11.11"]
[Round "4.2"]
[White "Kokol, Peter"]
[Black "Titan, Matej"]
[Result "1-0"]
[WhiteElo "2324"]
[BlackElo "2247"]
[PlyCount "117"]
[EventDate "2016.10.14"]
[EventType "team-tourn"]
[EventRounds "9"]
[EventCountry "SLO"]
[SourceTitle "CBM 175 Extra"]
[Source "ChessBase"]
[SourceDate "2016.12.12"]
[SourceVersion "1"]
[SourceVersionDate "2016.12.12"]
[SourceQuality "1"]
[WhiteTeam "Maribor ZSK"]
[BlackTeam "Pomgrad Radenska"]
[WhiteTeamCountry "SLO"]
[BlackTeamCountry "SLO"]

1. e4 e5 2. Nc3 Nf6 3. a3 Be7 4. Nf3 Nc6 5. Bb5 d6 6. d4 Bd7 7. d5 Nb8 8. Bxd7+ Nbxd7 9. h3 c6 10. dxc6 bxc6 11. 0-0 0-0 12. Be3 Qb8 13. Qd3 Rc8 14. Rfd1 Bf8 15. g4 Nb6 16. g5 Nh5 17. b3 Rd8 18. a4 a5 19. Ne2 Nd7 20. Ng3 Nf4 21. Bxf4 exf4 22. Nh5 Nc5 23. Qc4 Re8 24. Nd2 Qd8 25. h4 Ne6 26. Qxc6 Nxg5 27. Nxf4 Ne6 28. Ng2 Rc8 29. Qd5 Rc5 30. Qd3 d5 31. c4 d4 32. f4 Rh5 33. Qf3 Rxh4 34. Nxh4 Qxh4 35. Rf1 d3 36. Kg2 Bb4 37. Rad1 Nc5 38. e5 Qh6 39. Ne4 Qg6+ 40. Ng3 h6 41. Kh2 Rd8 42. Rg1 Qe6 43. Nh5 g6 44. Nf6+ Kg7 45. Nd5 Qf5 46. Rg3 Rxd5 47. cxd5 d2 48. Qg4 Qe4 49. d6 h5 50. Qf3 Qf5 51. Rg5 Qe6 52. Qe3 Nd7 53. Qh3 Qd5 54. Qxh5 Nf8 55. Rg3 Ne6 56. Qf3 Qd4 57. Qe3 Qd5 58. f5 Nf8 59. Rh3 1-0

[Event "SLO-chT"]
[Site "Slovenia"]
[Date "2016.10.14"]
[Round "1"]
[White "Volf, Ziga"]
[Black "Kokol, Peter"]
[Result "1-0"]
[WhiteElo "2242"]
[BlackElo "2324"]
[PlyCount "93"]
[EventDate "2016.10.14"]
[EventType "team-tourn"]
[EventRounds "9"]
[EventCountry "SLO"]
[SourceTitle "EXT 2017"]
[Source "ChessBase"]
[SourceDate "2016.10.25"]
[SourceVersion "1"]
[SourceVersionDate "2016.10.25"]
[SourceQuality "1"]
[WhiteTeam "Novo Mesto Krka"]
[BlackTeam "Maribor ZSK"]
[WhiteTeamCountry "SLO"]
[BlackTeamCountry "SLO"]

1. Nf3 Nf6 2. c4 g6 3. Nc3 d5 4. cxd5 Nxd5 5. e4 Nxc3 6. dxc3 Qxd1+ 7. Kxd1 Bg4 8. Bf4 c6 9. Bc4 Nd7 10. Kc2 Bxf3 11. gxf3 Bg7 12. Rad1 e6 13. Rd2 0-0-0 14. Bg5 Bf6 15. Rxd7 Bxg5 16. Rxf7 Rd2+ 17. Kb3 e5 18. h4 Bf4 19. Rf1 Rd6 20. a4 h6 21. Rg1 Rhd8 22. Rg7 g5 23. h5 Rd2 24. Rf1 R8d6 25. a5 Kb8 26. Rg6 Kc7 27. Be6 Re2 28. Rg7+ Kd8 29. Bc4 Red2 30. Rxb7 Rd7 31. Rb8+ Ke7 32. a6 Kd6 33. Bg8 Kc7 34. Rb7+ Kd6 35. Rb4 Kc5 36. Be6 Re7 37. Bg4 Kd6 38. Kc4 Rc7 39. Rb8 Ke7 40. b4 Ra2 41. Rb7 Kd6 42. Rd1+ Rd2 43. Rxd2+ Bxd2 44. Rb8 Be1 45. Rh8 Re7 46. Rxh6+ Kc7 47. Rh8 1-0

[Event "Vienna op-A"]
[Site "Vienna"]
[Date "2016.08.21"]
[Round "7"]
[White "Kokol, Peter"]
[Black "Schreiner, Peter"]
[Result "0-1"]
[WhiteElo "2360"]
[BlackElo "2445"]
[PlyCount "56"]
[EventDate "2016.08.16"]
[EventType "swiss"]
[EventRounds "9"]
[EventCountry "AUT"]
[SourceTitle "CBM 173 Extra"]
[Source "ChessBase"]
[SourceDate "2016.08.29"]
[SourceVersion "1"]
[SourceVersionDate "2016.08.29"]
[SourceQuality "1"]

1. e4 e5 2. Nc3 Nf6 3. Bc4 Nc6 4. d3 Na5 5. Nge2 c6 6. Bg5 h6 7. Bh4 Nxc4 8. dxc4 d6 9. Qd3 Be6 10. f3 a6 11. a4 g5 12. Bf2 d5 13. cxd5 cxd5 14. exd5 Nxd5 15. Qe4 Nb4 16. 0-0 Qc7 17. Ng3 0-0-0 18. Nb5 axb5 19. axb5 Bc5 20. Ra8+ Kd7 21. Ra4 Nd5 22. Kh1 Bxf2 23. Rxf2 Nb6 24. Ra7 Kc8 25. Rf1 Rd4 26. Qe3 Rhd8 27. Raa1 f5 28. Qa3 Ra4 0-1

[Event "Vienna op-A"]
[Site "Vienna"]
[Date "2016.08.19"]
[Round "4"]
[White "Kokol, Peter"]
[Black "Froewis, Georg"]
[Result "0-1"]
[WhiteElo "2360"]
[BlackElo "2449"]
[PlyCount "104"]
[EventDate "2016.08.16"]
[EventType "swiss"]
[EventRounds "9"]
[EventCountry "AUT"]
[SourceTitle "CBM 173 Extra"]
[Source "ChessBase"]
[SourceDate "2016.08.29"]
[SourceVersion "1"]
[SourceVersionDate "2016.08.29"]
[SourceQuality "1"]

1. g3 d5 2. Bg2 c6 3. d3 Nf6 4. Nd2 e5 5. Ngf3 e4 6. dxe4 dxe4 7. Ng5 e3 8. fxe3 Ng4 9. Nde4 Qxd1+ 10. Kxd1 h6 11. Nh3 Nd7 12. Nhf2 Nc5 13. h3 Nxf2+ 14. Nxf2 Bf5 15. e4 0-0-0+ 16. Ke1 Bg6 17. Bf4 Bd6 18. Rd1 Bc7 19. Rf1 f6 20. Bxc7 Kxc7 21. e5 fxe5 22. Rxd8 Rxd8 23. Nd3 Nd7 24. Kf2 Rf8+ 25. Ke3 Rxf1 26. Bxf1 Kd6 27. Bg2 Nf6 28. c3 e4 29. Nf4 Bf7 30. Bxe4 Nxe4 31. Kxe4 Bxa2 32. Kf5 Bb1+ 33. e4 a5 34. Nh5 Kc5 35. Nxg7 Kc4 36. Ne8 Kb3 37. Nd6 b5 38. g4 Kxb2 39. h4 a4 40. g5 hxg5 41. hxg5 a3 42. g6 a2 43. g7 a1Q 44. g8Q Qa3 45. c4 Qxd6 46. cxb5 cxb5 47. Qg7+ Kb3 48. Qg8+ Kb4 49. Qg2 Qd5+ 50. Kf6 Bxe4 51. Qb2+ Ka4 52. Kg7 b4 0-1

[Event "Vienna op-A"]
[Site "Vienna"]
[Date "2016.08.17"]
[Round "2"]
[White "Demircan, Suekrue"]
[Black "Kokol, Peter"]
[Result "0-1"]
[WhiteElo "2122"]
[BlackElo "2360"]
[PlyCount "84"]
[EventDate "2016.08.16"]
[EventType "swiss"]
[EventRounds "9"]
[EventCountry "AUT"]
[SourceTitle "CBM 173 Extra"]
[Source "ChessBase"]
[SourceDate "2016.08.29"]
[SourceVersion "1"]
[SourceVersionDate "2016.08.29"]
[SourceQuality "1"]

1. Nf3 Nf6 2. g3 g6 3. Bg2 Bg7 4. 0-0 d5 5. d4 0-0 6. Nbd2 c5 7. c3 cxd4 8. cxd4 Nc6 9. Nb3 b6 10. Ne5 Nxe5 11. dxe5 Ne4 12. Qd4 Bb7 13. Bf4 Rc8 14. Rac1 e6 15. Rxc8 Qxc8 16. Rc1 Qb8 17. f3 Nd6 18. e4 Nc4 19. exd5 Nxe5 20. Qe3 exd5 21. Re1 f6 22. h4 Qc8 23. Bf1 Re8 24. Kg2 Bc6 25. Rc1 Nc4 26. Bxc4 dxc4 27. Qc3 cxb3 28. Qxb3+ Kh8 29. Qc4 Re6 30. b4 Qe8 31. g4 h6 32. g5 fxg5 33. hxg5 h5 34. Kg3 Qd7 35. Qc2 Qd5 36. Rf1 Be5 37. Bxe5+ Qxe5+ 38. f4 Qe3+ 39. Kh4 Qe2 40. Qxe2 Rxe2 41. f5 Re4+ 42. Kg3 Rg4+ 0-1